Pero no imposible: bitácora de la transformación de una biblioteca escolar y su entorno

Guardat en:
Dades bibliogràfiques
Autor principal: Nájera Trujillo, Claudia Gabriela (Autor)
Format: Llibre
Idioma:espanyol
Publicat: Barcelona Océano 2008
Edició:1a. ed
Col·lecció:Travesía
Matèries:
Etiquetes: Afegir etiqueta
Sense etiquetes, Sigues el primer a etiquetar aquest registre!

MARC

LEADER 00000cam a2200000 a 4500
001 UCB0126
003 CL-VaPUC
005 20230628074144.0
008 191213e20080000sp spa d
020 |a 9788449438837 
082 0 4 |a 372.41  |b NAJ  |2 21 
100 1 |a Nájera Trujillo, Claudia Gabriela  |e author  |9 605441 
245 1 0 |a Pero no imposible: bitácora de la transformación de una biblioteca escolar y su entorno 
250 |a 1a. ed 
260 |a Barcelona  |b Océano  |c 2008 
300 |a 199 p 
490 0 |a Travesía 
583 |a last modification  |c 20191213 11:48:00  |k Rodrigo Vera 
650 0 0 |a Fomento de la lectura  |9 550607 
650 0 0 |a Comprensión de lectura  |9 307588 
650 0 0 |a Hábitos de lectura  |9 345590 
942 |c BK 
945 |a dcastane  |d 20191213 11:48:00 
999 |c 376336  |d 376334 
952 |0 0  |1 0  |2 ddc  |3 erb  |4 0  |6 372_410000000000000_NAJ_2008  |7 0  |8 A  |9 495725  |a BIBEDU  |b BIBEDU  |c ES_NOD  |i 5611911  |o 372.41 NAJ 2008  |p 5611911  |r 2023-08-09  |w 2020-01-06  |y BK  |z Catalogado en:20191213  |k EPE